000 00310nam a22001457a 4500
008 221018b ||||| |||| 00| 0 eng d
020 _a40135489091
041 _aeng
080 _a338
082 _a338
100 _a23.1
101 _aMANA
245 _aTHE MANAGEMENT OF TIME
_cMcCAY J
942 _2udc
_cBK
999 _c58595
_d58595